All 2024 Olympic Medalists: Football - Statistics

General Stats
  • This quiz has been taken 5 times
  • The average score is 29 of 124
Answer Stats
Event Medal Nationality/Team Medalist % Correct
Women's Bronze Germany Alexandra Popp
75%
Women's Gold USA Alyssa Naeher
75%
Women's Gold USA Lynn Williams
75%
Men's Silver France Michael Olise
75%
Women's Gold USA Sophia Smith
75%
Women's Gold USA Trinity Rodman
75%
Men's Gold Spain Abel Ruiz
50%
Men's Bronze Morocco Achraf Hakimi
50%
Men's Silver France Alexandre Lacazette
50%
Women's Bronze Germany Ann-Katrin Berger
50%
Men's Gold Spain Arnau Tenas
50%
Women's Bronze Germany Bibiane Schulze
50%
Men's Silver France Castello Lukeba
50%
Men's Gold Spain Diego Lopez
50%
Women's Gold USA Emily Fox
50%
Women's Gold USA Emily Sonnett
50%
Men's Silver France Enzo Millot
50%
Men's Gold Spain Fermin Lopez
50%
Women's Bronze Germany Giulia Gwinn
50%
Men's Silver France Jean-Philippe Mateta
50%
Women's Bronze Germany Jule Brand
50%
Women's Bronze Germany Klara Buhl
50%
Women's Gold USA Korbin Albert
50%
Women's Bronze Germany Lea Schuller
50%
Men's Silver France Loic Bade
50%
Women's Bronze Germany Marina Hegering
50%
Women's Silver Brazil Marta
50%
Women's Gold USA Naomi Girma
50%
Women's Bronze Germany Nicole Anyomi
50%
Women's Gold USA Rose Lavelle
50%
Men's Gold Spain Samu Omorodion
50%
Women's Bronze Germany Sydney Lohmann
50%
Men's Bronze Morocco Abde Ezzalzouli
25%
Men's Silver France Adrien Truffert
25%
Men's Gold Spain Aimar Oroz
25%
Men's Silver France Andy Diouf
25%
Men's Silver France Arnaud Kalimuendo
25%
Men's Gold Spain Benat Turrientes
25%
Men's Bronze Morocco Benjamin Bouchouari
25%
Women's Gold USA Croix Bethune
25%
Women's Gold USA Crystal Dunn
25%
Men's Bronze Morocco Eliesse Ben Seghir
25%
Women's Bronze Germany Elisam Senss
25%
Men's Gold Spain Eric Garcia
25%
Women's Bronze Germany Felicitas Rauch
25%
Men's Silver France Guillaume Restes
25%
Men's Bronze Morocco Ilias Akhomach
25%
Women's Bronze Germany Janina Minge
25%
Men's Gold Spain Joan Garcia
25%
Men's Silver France Johann Lepenant
25%
Men's Gold Spain Jon Pacheco
25%
Men's Silver France Joris Chotard
25%
Men's Gold Spain Juanlu Sanchez
25%
Men's Gold Spain Juan Miranda
25%
Women's Bronze Germany Kathrin Hendrich
25%
Men's Silver France Kiliann Sildillia
25%
Women's Bronze Germany Laura Freigang
25%
Women's Gold USA Lindsey Horan
25%
Women's Silver Brazil Lorena
25%
Men's Silver France Maghnes Akliouche
25%
Women's Gold USA Mallory Swanson
25%
Men's Silver France Manu Kone
25%
Men's Gold Spain Marc Pubill
25%
Women's Bronze Germany Merle Frohms
25%
Men's Bronze Morocco Munir Mohamedi
25%
Men's Silver France Obed Nkambadio
25%
Men's Bronze Morocco Oussama Targhalline
25%
Men's Gold Spain Pau Cubarsi
25%
Men's Silver France Rayan Cherki
25%
Women's Gold USA Sam Coffey
25%
Women's Bronze Germany Sara Doorsoun
25%
Women's Bronze Germany Sarai Linder
25%
Women's Bronze Germany Sjoeke Nusken
25%
Men's Bronze Morocco Soufiane Rahimi
25%
Men's Silver France Soungoutou Magassa
25%
Women's Silver Brazil Tarciane
25%
Women's Silver Brazil Vitoria Yaya
25%
Women's Bronze Germany Vivien Endemann
25%
Men's Bronze Morocco Adil Tahif
0%
Women's Silver Brazil Adriana
0%
Men's Gold Spain Adrian Bernabe
0%
Men's Bronze Morocco Akram Nakach
0%
Men's Gold Spain Alejandro Iturbe
0%
Men's Gold Spain Alex Baena
0%
Men's Bronze Morocco Amir Richardson
0%
Women's Silver Brazil Ana Vitoria
0%
Women's Silver Brazil Angelina
0%
Women's Silver Brazil Antonia
0%
Men's Bronze Morocco Bilal El Kkannous
0%
Men's Silver France Bradley Locko
0%
Women's Gold USA Casey Krueger
0%
Women's Gold USA Casey Murphy
0%
Men's Silver France Chrislain Matsima
0%
Men's Gold Spain Cristhian Mosquera
0%
Men's Silver France Desire Doue
0%
Women's Silver Brazil Duda Sampaio
0%
Men's Bronze Morocco El Mehdi Maouhoub
0%
Women's Gold USA Emily Sams
0%
Women's Silver Brazil Gabi Nunes
0%
Women's Silver Brazil Gabi Portilho
0%
Men's Bronze Morocco Haytam Manaout
0%
Women's Gold USA Jaedyn Shaw
0%
Women's Gold USA Jenna Nighswonger
0%
Women's Silver Brazil Jheniffer
0%
Women's Silver Brazil Kerolin
0%
Women's Silver Brazil Lauren
0%
Women's Silver Brazil Luciana
0%
Women's Silver Brazil Ludmila
0%
Men's Bronze Morocco Mehdi Boukamir
0%
Men's Gold Spain Miguel Gutierrez
0%
Men's Bronze Morocco Oussama El Azzouzi
0%
Men's Gold Spain Pablo Barrios
0%
Women's Silver Brazil Priscila
0%
Men's Bronze Morocco Rachid Ghanimi
0%
Women's Silver Brazil Rafaelle Souza
0%
Men's Gold Spain Sergio Camello
0%
Men's Gold Spain Sergio Gomez
0%
Women's Silver Brazil Taina
0%
Women's Silver Brazil Tamires
0%
Women's Silver Brazil Thais
0%
Women's Gold USA Tierna Davidson
0%
Women's Silver Brazil Yasmim
0%
Men's Bronze Morocco Yassine Kechta
0%
Men's Bronze Morocco Zakaria El Ouahdi
0%
No matching quizzes found
Score Distribution
Percent of People with Each Score
Percentile by Number Answered
Your Score History
You have not taken this quiz